000
00299nam a2200121Ia 4500
008
191201s2005 xx 000 0 und d
100
_a
PARSON, Jayne Ed.
245
0
_a
Illustrated Family Encyclopedia
260
_a
N.Delhi
_b
D.K.
_c
2005
300
_a
1013
650
_a
General Books
942
_2
ddc
_c
BK
999
_c
3317
_d
3317